| 000 | 01645nam0a2200373 4500 | ||
|---|---|---|---|
| 001 | RU\NLR\bibl\408488 | ||
| 005 | 20250622170427.0 | ||
| 021 |
_aRU _b2003-20874 _9967 |
||
| 035 | _a(NLR Aleph) 000402576 | ||
| 090 |
_a584538 _c584538 |
||
| 100 | _a20030606d2003 |||y0rusy50 ca | ||
| 101 | 0 | _arus | |
| 102 | _aRU | ||
| 105 | _aa ||||||||| | ||
| 200 | 1 |
_aИсследование малогабаритных цилиндрических пароводогрейных котлов с закруткой теплоносителя и турбонаддувом _fК. А. Якимович _gИн-т высок. температур |
|
| 210 |
_aМ. _cОИВТ _d2003 |
||
| 215 |
_a48 с. _cил. _d20 |
||
| 225 | 1 |
_aПрепринт ОИВТ РАН _fРос. акад. наук, Объед. ин-т высоких температур _vN° 2-469 |
|
| 313 | _aУвеличение нефтеотдачи паром | ||
| 320 | _aБиблиогр.: с. 45-48 | ||
| 606 | 0 |
_aНефтяные пласты _xНефтеотдача _xПовышение _xПрименение поверхностно-активных веществ _91699194 _3RU\NLR\auth\66756173 |
|
| 606 | 0 |
_aПароводяные котлы _91813202 _3RU\NLR\auth\66818188 |
|
| 610 | 0 | _aВодогрейные котлы - Исследование | |
| 675 |
_a621.181.6 _v3 _zrus |
||
| 686 |
_a44.31 _2rugasnti |
||
| 686 |
_a31.36 _2rubbk |
||
| 686 | _aИ361.73-5 | ||
| 700 | 1 |
_aЯкимович _bК. А. _4070 |
|
| 801 | 0 |
_aRU _bRKP _c20030606 _gPSBO |
|
| 801 | 1 |
_aRU _bRKP _c20030606 |
|
| 801 | 2 |
_aRU _bNLR _c20070319 _grcr |
|
| 942 | _cBOOK | ||
| 980 | _aNB | ||